Treasures of the Maya (Record no. 9265)

MARC details
000 -LEADER
fixed length control field 00939nam a22002297a 4500
003 - CONTROL NUMBER IDENTIFIER
control field OSt
005 - DATE AND TIME OF LATEST TRANSACTION
control field 20260323033101.0
008 - FIXED-LENGTH DATA ELEMENTS--GENERAL INFORMATION
fixed length control field 260323b |||||||| |||| 00| 0 eng d
020 ## - INTERNATIONAL STANDARD BOOK NUMBER
International Standard Book Number 9781339027692
040 ## - CATALOGING SOURCE
Original cataloging agency DWCL GS lib
Transcribing agency OC
082 ## - DEWEY DECIMAL CLASSIFICATION NUMBER
Classification number F St857 2024
100 ## - MAIN ENTRY--PERSONAL NAME
Personal name Stilton, Geronimo
245 ## - TITLE STATEMENT
Title Treasures of the Maya
Statement of responsibility, etc. Geronimo Stilton
260 ## - PUBLICATION, DISTRIBUTION, ETC.
Place of publication, distribution, etc. New York
Name of publisher, distributor, etc. Scholastic Inc.
Date of publication, distribution, etc. c2024.
300 ## - PHYSICAL DESCRIPTION
Extent vii, 109 pages:
Other physical details illustrations
Dimensions 17cm.
520 ## - SUMMARY, ETC.
Summary, etc. Treasures of the Maya (Geronimo Stilton #83) is a 2024 children's mystery adventure where Geronimo sets out to rescue his sister, Thea, who goes missing in Chichén Itzà, Mexico. While on a secret assignment protecting an ancient Mayan necklace, Thea disappears, forcing Geronimo to travel to the jungle to solve the mystery.
546 ## - LANGUAGE NOTE
Language note English
650 ## - SUBJECT ADDED ENTRY--TOPICAL TERM
Topical term or geographic name entry element Children’s comics
650 ## - SUBJECT ADDED ENTRY--TOPICAL TERM
Topical term or geographic name entry element action & adventure
650 ## - SUBJECT ADDED ENTRY--TOPICAL TERM
Topical term or geographic name entry element mystery
942 ## - ADDED ENTRY ELEMENTS (KOHA)
Source of classification or shelving scheme Dewey Decimal Classification
Koha item type Fiction
Classification part Fic.
Suppress in OPAC No
952 ## - LOCATION AND ITEM INFORMATION (KOHA)
--
Holdings
Withdrawn status Lost status Source of classification or shelving scheme Damaged status Not for loan Home library Current library Shelving location Date acquired Source of acquisition Cost, normal purchase price Total Checkouts Full call number Barcode Date last seen Copy number Price effective from Koha item type Uniform Resource Identifier
    Dewey Decimal Classification     Grade School Library Grade School Library Fiction 02/18/2026 School Fund, Donation 449.00   F St857 2024 23960 03/23/2026 c1 03/23/2026 FIC.